Solid state electronic devices / (Record no. 164905)

MARC details
000 -LEADER
fixed length control field 00829nam a22002297a 4500
005 - DATE AND TIME OF LATEST TRANSACTION
control field 20190715111505.0
010 ## - LCCN (DPL NO)
LC control number B-728346
020 ## - INTERNATIONAL STANDARD BOOK NUMBER
International Standard Book Number 9789332555082
Terms of availability 629.00
035 ## - SYSTEM CONTROL NUMBER
System control number B-728346
037 ## - SOURCE OF ACQUISITION
Source of stock number/acquisition RK Books
082 ## - DEWEY DECIMAL CLASSIFICATION NUMBER
Classification number 621.38152
100 ## - MAIN ENTRY--PERSONAL NAME
Personal name Streetman,Ben G.
245 ## - TITLE STATEMENT
Title Solid state electronic devices /
Statement of responsibility, etc by Ben G. Streetman [and] Sanjay Kumar Banerjee
250 ## - EDITION STATEMENT
Edition statement 7th ed
260 ## - PUBLICATION, DISTRIBUTION, ETC. (IMPRINT)
Place of publication, distribution, etc Noida
Name of publisher, distributor, etc Pearson
Date of publication, distribution, etc 2017
270 ## - ADDRESS
Address A-8 (A), 7th Floor, Knowledge Boulevard, Sector-62
City Noida
Postal code 201309
300 ## - PHYSICAL DESCRIPTION
Extent 624p.:
Dimensions 23cm(pbk)
Other physical details ill.
500 ## - GENERAL NOTE
General note includes index
700 ## - ADDED ENTRY--PERSONAL NAME
Personal name Banerjee, Sanjay Kumar
942 ## - ADDED ENTRY ELEMENTS (KOHA)
Source of classification or shelving scheme Dewey Decimal Classification
Item type English Books
Call number suffix STR
Classification part 621.38152
Holdings
Withdrawn status Lost status Not for loan Collection code Home library Current library Date acquired Source of acquisition Cost, normal purchase price Full call number Barcode Copy number Cost, replacement price Koha item type
      Non-fiction Vinoba Puri Vinoba Puri 29/05/2019 RK Books/IN393/2019-20/24-05-19/05/20-05-19/28-05-19 629.00 621.38152 STR B-728346 1 629.00 English Books

© Delhi Public Library
Hit Counter
free hit counter